000 01394cam a2200529 4500
008 090401t1992 xxu||||| |||| 00| 0 eng d
020 _a0721900836
035 _a(Sirsi) u29736
041 _aeng
050 _a346.410432
100 _aWisdom, A.S.
245 _aWisdom`s law of watercourses.
250 _a5th ed.
260 _aCrayford,Kent
_bShaw & Sons Limited
_c1992
300 _alxxxv,505p. ; 22cm.
350 _a35
520 _aThis edition by William Howarth.
650 _aABSTRACTION
650 _aACCRETION
650 _aCOASTAL WATERS
650 _aCONTINENTAL SHELF
650 _aEXCLUSIVE ECONOMIC ZONE
650 _aFISHERIES
650 _aFISHING RIGHTS
650 _aFLOOD DEFENCE
650 _aFLOOD DEFENCES
650 _aFORESHORE
650 _aLAND DRAINAGE
650 _aNATIONAL RIVERS AUTHORITY
650 _aNAVIGATION RIGHTS
650 _aPOLLUTION
650 _aRESERVOIR SAFETY
650 _aRIPARIAN RIGHTS
650 _aRIVERS
650 _aSALMON ACT 1986
650 _aSALMON AND FRESHWATER FISHERIES ACT 1975
650 _aSEA DEFENCES
650 _aSEA
650 _aWATER EASEMENTS
650 _aWATER POLLUTION
650 _aPROPERTY-RURAL AND NATURAL ASSETS-WATER RESOURCES
650 _aWATER
690 _aWATER
700 _aHowarth, William
_xEditor
942 _n0
948 _c04/03/1997
999 _c89452
_d89452